5HLuxD.jpg

KING HENRY VIII SENIOR AND PRIMARY SCHOOL LIBRARY OPAC

A very special rabbit / (Record no. 2556)

000 -LEADER
fixed length control field 00660nam a2200241 a 4500
001 - CONTROL NUMBER
control field 016244827
003 - CONTROL NUMBER IDENTIFIER
control field UkOxU
005 - DATE AND TIME OF LATEST TRANSACTION
control field 20230713150421.0
008 - FIXED-LENGTH DATA ELEMENTS--GENERAL INFORMATION
fixed length control field 021114r20031997enka j 000 0 eng d
015 ## - NATIONAL BIBLIOGRAPHY NUMBER
National bibliography number GB A3-Y7315
020 ## - INTERNATIONAL STANDARD BOOK NUMBER
International Standard Book Number 9780749650568
035 ## - SYSTEM CONTROL NUMBER
System control number BNB2731.1832
040 ## - CATALOGING SOURCE
Transcribing agency BDS
Modifying agency KH8
082 0# - DEWEY DECIMAL CLASSIFICATION NUMBER
Classification number 823.914 WOO
Edition number 21
100 1# - MAIN ENTRY--PERSONAL NAME
Personal name Wood, Jakki
Relator term Author
245 12 - TITLE STATEMENT
Title A very special rabbit /
Statement of responsibility, etc. Jakki Wood.
260 ## - PUBLICATION, DISTRIBUTION, ETC.
Place of publication, distribution, etc. London :
Name of publisher, distributor, etc. Franklin Watts,
Date of publication, distribution, etc. 2003.
300 ## - PHYSICAL DESCRIPTION
Extent 24 p. :
Other physical details ill. ;
Dimensions 21 cm.
500 ## - GENERAL NOTE
General note Originally published: 1997.
650 #0 - SUBJECT ADDED ENTRY--TOPICAL TERM
Topical term or geographic name entry element Rabbits
Form subdivision Pictorial works
-- Juvenile literature.
830 #0 - SERIES ADDED ENTRY--UNIFORM TITLE
Uniform title Me and my world
942 ## - ADDED ENTRY ELEMENTS (KOHA)
Source of classification or shelving scheme
Koha item type Books
Holdings
Withdrawn status Lost status Source of classification or shelving scheme Damaged status Not for loan Collection code Permanent Location Current Location Shelving location Date acquired Total Checkouts Full call number Barcode Date last seen Date last checked out Price effective from Koha item type
          Fiction KH8 Primary School Library KH8 Primary School Library Non Fiction 2023-07-13 17 823.914 WOO KHPL000004284 2026-02-27 2026-01-16 2023-07-13 Books

Powered By KH8 IT Dept